| 000 | 00586nam a2200205Ia 4500 | ||
|---|---|---|---|
| 003 | GCL | ||
| 008 | 140319s9999 xx 000 0 eng d | ||
| 020 | _a0812925238 | ||
| 040 |
_aGCL / _cGCL |
||
| 082 | 0 | 4 |
_a959.7043373 _bM I |
| 100 | 1 | _aMC NAMARA, ROBERT S. | |
| 245 | 1 | 0 |
_aIN RETROSPECT : _bTHE TRAGEDY AND LESSONS OF VIETNAM / _cMC NAMARA, ROBERT S. |
| 700 | 1 | _aVANDEMARK, BRIAN | |
| 250 | _aFIRST | ||
| 260 |
_aنيويورك : _bTIMES BOOKS ، _c1995 |
||
| 300 |
_a414 P _bILL. ؛ _c24 cm. |
||
| 650 | 0 | 4 | _aVIETNAM - HISTORY |
| 650 | 0 | 4 | _aVIETNAMSE CONFLICT |
| 942 |
_2ddc _cBK |
||
| 999 |
_c7337 _d7337 |
||